zpět

Detail výsledku týmu

U Vodníka2, Liberec

Datum a čas kvízu

25.5 Celkem bodů Celkový počet nahraných bodů na tomto kvízu bez doplňovacích otázek.
7. Pořadí na kvízu Konečné umístění týmu na tomto kvízu.

Zaznamenané odpovědi

# Otázka Odpověď Body Výsledky
1. Náš speciál na téma Hvězdných... D) Je občanská válka. 1
2. Na rozdíl od novějších dílů ne... Han Solo 1
3. Na obrázku vidíme scénu z šest... Mon Mothma 0
4. Na konci Návratu Jediů se císa... jako můj otec přede mnou. 1
5. Šestý díl skončil vítězstvím P... Wedge Antilles a Lando Calrissian 1
6. Jedie jistě není nutné předsta... padawan 1
7. Tento klonovaný voják právě př... Rozkaz 66, zabít všechny Jedie 1
8. Do nového kánonu bohužel zatím... Kyle Katarn 0
9. Sithové byli řádem stojícím v... Korriban (uznáváme i novější název Moraband) 0
10. Darth Bane byl jedním z Temnýc... o tzv. pravidlo dvou 1